00450nam a22001697a 450000500170000001000150001702000240003203500140005603700090007008200100007910000200008924500350010926000310014427000440017530000330021950000280025220240909144200.0 aENG-141691 a0321348109c1845.98 aEN-125223 bDBAD a658.8 aNeumeier Marty  aThe Brand Gap/cMarty Neumeier aBerkeleybNew Ridersc2006 a1249 Eighth Street bBerkeleyeCA 94710 acxv,=194p. c20cm.(Pb)b,ill aA White Board Overview/